[Event "16th Vienna Open"]
[Site "Vienna AUT"]
[Date "2009.08.18"]
[Round "4"]
[White "Chabanon,JL"]
[Black "Groetz,H"]
[Result "1/2-1/2"]
[WhiteElo "2439"]
[BlackElo "2350"]

1.d4 d5 2.c4 c6 3.Nf3 Nf6 4.Nc3 dxc4 5.a4 Bf5 6.e3 e6 7.Bxc4 Bb4 8.O-O O-O
9.Nh4 Nbd7 10.Nxf5 exf5 11.Qc2 Nb6 12.Bb3 Qd7 13.Rd1 Rfe8 14.Bd2 a5 15.Be1 g6
16.Rd3 Rad8 17.Rad1 Qe7 18.f3 Nbd5 19.Bf2 Bd6 20.Qc1 Nb4 21.R3d2 Qc7 22.h3 Bh2+
23.Kh1 Bg3 24.Bg1 Nh5 25.Ne2 Nd5 26.Rd3 Qe7 27.Bxd5 Rxd5 28.Bh2  1/2-1/2

[Event "ch-FRA National A"]
[Site "Nimes FRA"]
[Date "2009.08.19"]
[Round "9"]
[White "Maze,S"]
[Black "Fressinet,L"]
[Result "0-1"]
[WhiteElo "2546"]
[BlackElo "2667"]

1.d4 d5 2.Nf3 Nf6 3.c4 c6 4.Nc3 dxc4 5.a4 Bf5 6.e3 e6 7.Bxc4 Bb4 8.O-O Nbd7
9.Qe2 O-O 10.e4 Bg4 11.Rd1 Qe7 12.h3 Bh5 13.g4 Bg6 14.Bd3 h6 15.Bf4 Rac8
16.Rac1 Ba5 17.Bg3 Bc7 18.e5 Nd5 19.Nxd5 cxd5 20.Bxg6 fxg6 21.Nh4 Qf7 22.f4 Bb6
23.Qd3 Rxc1 24.Rxc1 g5 25.Ng6 gxf4 26.Nxf8 Nxe5 27.Qh7+ Kxf8 28.Qh8+ Ke7
29.Bh4+ g5 30.Qxe5 gxh4 31.b4 Qf6 32.Kf1 Qxe5 33.dxe5 Kd7 34.Kg2 Bd4 35.Re1 Bc3
36.Re2 Bxb4 37.Kf3 Kc6 38.Kxf4 b5 39.axb5+ Kxb5 40.g5 hxg5+ 41.Kxg5 d4 42.Kf6 d3  0-1

[Event "BDO Premier"]
[Site "Haarlem NED"]
[Date "2009.08.20"]
[Round "6"]
[White "Reinderman,D"]
[Black "Van Kampen,R"]
[Result "1/2-1/2"]
[WhiteElo "2565"]
[BlackElo "2383"]

1.d4 d5 2.c4 c6 3.Nf3 Nf6 4.Nc3 dxc4 5.a4 Bf5 6.Ne5 Nbd7 7.Nxc4 Qc7 8.Qd2 Nb6
9.Ne5 e6 10.f3 Bb4 11.e4 Bg6 12.Qf2 Nbd7 13.Nd3 Be7 14.Bf4 Qa5 15.Rb1 O-O
16.b4 Qd8 17.Be2 Nh5 18.Bd2 f5 19.exf5 Bxf5 20.O-O Bd6 21.Rb2 e5 22.Be3  1/2-1/2

[Event "16th Vienna Open"]
[Site "Vienna AUT"]
[Date "2009.08.20"]
[Round "6"]
[White "Karner,C"]
[Black "Meessen,M"]
[Result "1-0"]
[WhiteElo "2373"]
[BlackElo "2118"]

1.d4 d5 2.c4 c6 3.Nf3 Nf6 4.Nc3 dxc4 5.a4 Bf5 6.e3 e6 7.Bxc4 Bb4 8.O-O O-O
9.Qb3 Qe7 10.Ne5 a5 11.Rd1 Nfd7 12.Nxd7 Nxd7 13.Bf1 e5 14.e4 Bg4 15.f3 exd4
16.Ne2 Be6 17.Qd3 Ne5 18.Qb1 Bb3 19.Rxd4 Bc5 20.Be3 Bxd4 21.Nxd4 Be6 22.Qe1 Kh8
23.Qg3 f6 24.Rc1 Qf7 25.f4 Nd7 26.f5 Bb3 27.Bf4 Bxa4 28.Bd6 Ne5 29.Bxf8 Rxf8
30.Ne6 Rg8 31.b3 g6 32.Qh3 gxf5 33.exf5 Bxb3 34.Qxb3 Qh5 35.Nd4 Qh4 36.Nf3 Qf4
37.Rc3 a4 38.Qa3 Qxf5 39.Nxe5 Qxe5 40.Rc4 b5 41.Rxc6 Qd4+ 42.Kh1 Qf2 43.Qa1 Rg6
44.Rc1 h5 45.Rb1 Rg5 46.Rxb5 Rxb5 47.Bxb5 a3 48.h3 h4 49.Bc4 Kg7 50.Qd1 a2
51.Qa1 Qc2 52.Bxa2 Qf2 53.Bd5 Kh6 54.Bc4 Kg5 55.Qc1+ Kg6 56.Qf1 Qd4 57.Qd3+  1-0

[Event "BDO Challenger"]
[Site "Haarlem NED"]
[Date "2009.08.22"]
[Round "8"]
[White "Flumbort,A"]
[Black "Strating,S"]
[Result "1-0"]
[WhiteElo "2507"]
[BlackElo "2340"]

1.d4 d5 2.c4 c6 3.Nf3 Nf6 4.Nc3 dxc4 5.a4 Bf5 6.Ne5 Nbd7 7.Nxc4 Qc7 8.g3 e5
9.dxe5 Nxe5 10.Bf4 Nfd7 11.Bg2 f6 12.O-O Be6 13.Nxe5 Nxe5 14.a5 a6 15.Qa4 Be7
16.Nd5 Bxd5 17.Bxd5 Rd8 18.Rfd1 Kf8 19.Ba2 g5 20.Be3 Kg7 21.Bb6 Rxd1+ 22.Rxd1 Qc8
23.Qb3 Re8 24.f4 gxf4 25.gxf4 Ng6 26.f5 Ne5 27.Qg3+ Kh8 28.Be6 Qb8 29.Kh1 Bd6
30.Rg1 Ng6 31.Qh3 Rxe6 32.fxe6 Qe8 33.Rd1 Be7 34.Rd7 Ne5 35.Rxb7 c5 36.Qg2 Ng6
37.Rd7 Qb8 38.Qg3 Qa8+ 39.Qf3 Qf8 40.Rd1 Ne5 41.Qg2 f5 42.Bc7 Ng6 43.Qb7 Qf6
44.Qxa6 Qxb2 45.Qa8+ Kg7 46.Qf3 c4 47.Bb6 Bf6 48.Rd7+ Kg8 49.Qa8+  1-0

[Event "5th Gazi Open"]
[Site "Heraklion GRE"]
[Date "2009.08.23"]
[Round "2"]
[White "Stefanatos,N"]
[Black "Lirindzakis,T"]
[Result "0-1"]
[WhiteElo "1869"]
[BlackElo "2344"]

1.d4 d5 2.c4 c6 3.Nc3 Nf6 4.Nf3 dxc4 5.a4 Bf5 6.Ne5 Nbd7 7.Nxc4 Nb6 8.Ne5 a5
9.f3 Nfd7 10.Nxd7 Nxd7 11.e4 Bg6 12.Be3 e6 13.Qd2 Bb4 14.Be2 O-O 15.h4 f6
16.h5 Bf7 17.h6 g6 18.O-O e5 19.f4 exd4 20.Bxd4 Nc5 21.Qe3 Nb3 22.Bb6 Qxb6
23.Qxb6 Bc5+ 24.Qxc5 Nxc5 25.Kf2 Rfe8 26.Ke3 Nxe4 27.Nxe4 Bd5 28.Bf3 f5 29.Rfd1 fxe4
30.Bg4 Kf7 31.Rd4 Kf6 32.Rad1 Re7 33.R1d2 g5 34.f5 Ke5 35.g3 Ra6 36.f6 Rf7
37.Be2 Rb6 38.Bc4 Bxc4 39.Rxe4+ Kf5 40.Rxc4 Rxf6 41.g4+ Kg6 42.Re4 Rb3+ 43.Ke2 Kxh6
44.Re7 Rb4 45.Rdd7 Rxg4 46.Rxh7+ Kg6 47.Rhg7+ Kf5 48.Rxb7 Rxa4  0-1

[Event "XXVI Open A"]
[Site "Collado Villalba ESP"]
[Date "2009.08.25"]
[Round "5"]
[White "San Segundo Carrillo,P"]
[Black "Gallardo Garcia,A"]
[Result "1/2-1/2"]
[WhiteElo "2570"]
[BlackElo "2414"]

1.d4 d5 2.c4 c6 3.Nf3 Nf6 4.Nc3 dxc4 5.a4 Bf5 6.Ne5 Nbd7 7.Nxc4 Qc7 8.g3 e5
9.dxe5 Nxe5 10.Bf4 Nfd7 11.Bg2 f6 12.O-O Nc5 13.Ne3 Be6 14.b4 Rd8 15.Qc2 Na6
16.b5 Nb4 17.Qb2 g5 18.Bxe5 Qxe5 19.Rad1 Rxd1 20.Rxd1 Be7 21.Nc2 Nd5 22.Rd3 Nxc3
23.Qxc3 Qxc3 24.Rxc3 Kf7 25.bxc6 bxc6 26.Bxc6 Rd8 27.Kg2 Rd2 28.e4 Bd8 29.Ne3 Bb6
30.Bd5  1/2-1/2

[Event "2nd Bolivar Open"]
[Site "Buenos Aires ARG"]
[Date "2009.08.26"]
[Round "3"]
[White "Quiroga,F"]
[Black "Alonso,S"]
[Result "1/2-1/2"]
[WhiteElo "2329"]
[BlackElo "2441"]

1.d4 d5 2.c4 c6 3.Nf3 Nf6 4.Nc3 dxc4 5.a4 Bf5 6.e3 e6 7.Bxc4 Bb4 8.O-O O-O
9.Nh4 Bg6 10.Nxg6 hxg6 11.Qe2 Nbd7 12.Rd1 Qa5 13.e4 e5 14.d5 Nb6 15.Bd2 Nxc4
16.Qxc4 cxd5 17.exd5 Rfd8 18.Be1 Rd7 19.Rd3 e4 20.Rd4 Bxc3 21.Bxc3 Qd8 22.Rad1 Rc8
23.Qb3 a5 24.h3 b6 25.R4d2 Rc5 26.Bd4 Rcxd5 27.Bxf6 Rxd2 28.Rxd2 gxf6 29.Rxd7 Qxd7
30.Qxb6  1/2-1/2

[Event "XXVI Open A"]
[Site "Collado Villalba ESP"]
[Date "2009.08.26"]
[Round "6"]
[White "Barria Zuniga,D"]
[Black "San Segundo Carrillo,P"]
[Result "1/2-1/2"]
[WhiteElo "2426"]
[BlackElo "2570"]

1.d4 d5 2.c4 c6 3.Nf3 Nf6 4.Nc3 dxc4 5.a4 Bf5 6.e3 e6 7.Bxc4 Bb4 8.O-O Nbd7
9.Nh4 Bg6 10.Nxg6 hxg6 11.Qf3 Qe7 12.Rd1 e5 13.Bf1 e4 14.Qe2 Nb6 15.f3 Nbd5
16.Nxe4 Nxe4 17.fxe4 Qxe4 18.g3 f5 19.Bg2 Qe6 20.e4 O-O 21.Bd2  1/2-1/2

[Event "XI Sants Open"]
[Site "Barcelona ESP"]
[Date "2009.08.28"]
[Round "8"]
[White "Ipatov,A ESP"]
[Black "Guramishvili,S"]
[Result "1-0"]
[WhiteElo "2454"]
[BlackElo "2339"]

1.d4 d5 2.c4 c6 3.Nf3 Nf6 4.Nc3 dxc4 5.a4 Bf5 6.Nh4 e6 7.Nxf5 exf5 8.Bg5 Bb4
9.e3 Nbd7 10.Bxc4 Qa5 11.O-O Bxc3 12.bxc3 Qxc3 13.Bd3 Qa5 14.Qb1 O-O 15.Rc1 Qc7
16.Bxf5 a5 17.Bf4 Qc8 18.Qb3 g6 19.Bh3 Re8 20.Rab1 Ra7 21.Rc2 Qd8 22.Bg5 Nf8
23.Bxf6 Qxf6 24.Qb6 Rea8 25.g3 Ne6 26.Bxe6 Qxe6 27.h4 Qd6 28.Rc3 Qd8 29.Kg2 Qxb6
30.Rxb6 Rd8 31.g4 Kf8 32.g5 Ke7 33.Rb1 Rd5  1-0

[Event "2nd Bolivar Open"]
[Site "Buenos Aires ARG"]
[Date "2009.08.31"]
[Round "7"]
[White "Mareco,S"]
[Black "Alonso,S"]
[Result "0-1"]
[WhiteElo "2503"]
[BlackElo "2441"]

1.d4 d5 2.c4 c6 3.Nf3 Nf6 4.Nc3 dxc4 5.a4 Bf5 6.Ne5 Nbd7 7.Nxc4 Qc7 8.g3 e5
9.dxe5 Nxe5 10.Bf4 Rd8 11.Qc1 Bd6 12.Nxd6+ Qxd6 13.Bg2 a5 14.O-O O-O 15.Nd1 Qe6
16.Ne3 Be4 17.f3 Bd5 18.Qc3 Rfe8 19.Rfd1 h6 20.Nc2 Ng6 21.e4 Nxf4 22.gxf4 Ba2
23.Rxd8 Rxd8 24.Qxa5 Rd7 25.Qc3 Nh5 26.f5 Qb3 27.Bf1 Qb6+ 28.Ne3 Nf4 29.Kh1 Nd3
30.Qd2 Ne5 31.Qf2 Bb3 32.f6 g6 33.Re1 Qd8 34.f4 Nd3 35.Bxd3 Rxd3 36.Qh4 Kh7
37.Ng4 h5 38.Qg5 hxg4  0-1

[Event "TCh-SRB 1st League"]
[Site "Kragujevac SRB"]
[Date "2009.09.03"]
[Round "3"]
[White "Ostojic,N1"]
[Black "Jeremic,V"]
[Result "1/2-1/2"]
[WhiteElo "2412"]
[BlackElo "2494"]

1.Nf3 Nf6 2.c4 c6 3.Nc3 d5 4.d4 dxc4 5.a4 Bf5 6.e3 e6 7.Bxc4 Bb4 8.O-O Nbd7
9.Qb3 a5 10.Na2 Be7 11.Qxb7 Rb8 12.Qa6 Ra8 13.Qb7  1/2-1/2

[Event "4th Xtracon Skovbo"]
[Site "Borup DEN"]
[Date "2009.09.04"]
[Round "1"]
[White "Rendboe,J"]
[Black "Madsen,PH"]
[Result "1/2-1/2"]
[WhiteElo "2246"]
[BlackElo "2075"]

1.d4 d5 2.c4 c6 3.Nc3 Nf6 4.Nf3 dxc4 5.a4 Bf5 6.e3 e6 7.Bxc4 Bb4 8.O-O Nbd7
9.Qb3 Qe7 10.Na2 Bd6 11.Qxb7 O-O 12.Qb3 Rab8 13.Qd1 c5 14.Nc3 cxd4 15.exd4 Rfd8
16.Nb5 Nb6 17.Be2 Be4 18.Bd2 Nbd5 19.Nxd6 Qxd6 20.Ne5 Nb4 21.Bc3 Nc2 22.Rc1 Nxd4
23.Bxd4 Qxd4 24.Qxd4 Rxd4 25.b3 Rd2 26.Bb5 Nh5 27.Rfd1 Rxd1+ 28.Rxd1 Bc2
29.Rd7 Bxb3 30.Nc6 Ra8 31.Nxa7 Nf6 32.Rd3 Bc2 33.Rc3 Kf8 34.Rxc2 Rxa7 35.Kf1 Ke7
36.Ke2 Ne4 37.Kd3 f5 38.f3 Nf6 39.Bc6 Kd6 40.Bb5 Nd5 41.Rc6+ Ke5 42.Kd2 g5
43.g3 h5 44.Rc8 f4 45.Rh8 Nf6 46.Kd3 g4 47.fxg4 hxg4 48.gxf4+ Kxf4 49.Rf8 Ke5
50.Rh8 Nd5 51.Rg8 Nf6 52.Rh8 Nd5 53.Rg8 Nf6 54.Rh8 Nd5  1/2-1/2

[Event "TCh-SRB 1st League"]
[Site "Kragujevac SRB"]
[Date "2009.09.05"]
[Round "5"]
[White "Sakaev,K"]
[Black "Sokolov,Iv"]
[Result "1-0"]
[WhiteElo "2625"]
[BlackElo "2657"]

1.d4 d5 2.Nf3 Nf6 3.c4 c6 4.Nc3 dxc4 5.a4 Bf5 6.Ne5 Nbd7 7.Nxc4 Nb6 8.Ne5 Nfd7
9.e4 Nxe5 10.exf5 Ned7 11.a5 Nd5 12.Nxd5 cxd5 13.Qb3 g6 14.Qxd5 gxf5 15.Bb5 a6
16.Ba4 Qc7 17.Bf4 e6 18.O-O  1-0

[Event "6th LGA Premium Cup"]
[Site "Nuernberg GER"]
[Date "2009.09.05"]
[Round "5"]
[White "Olszewski,Mi"]
[Black "Boguslavskyy,O"]
[Result "1/2-1/2"]
[WhiteElo "2559"]
[BlackElo "2442"]

1.d4 d5 2.c4 c6 3.Nf3 Nf6 4.Nc3 dxc4 5.a4 Bf5 6.Ne5 Nbd7 7.Nxc4 Qc7 8.Qd2 e6
9.Qf4 Qxf4 10.Bxf4 Nb6 11.Nd6+ Bxd6 12.Bxd6 O-O-O 13.Bc5 Kb8 14.f3 Nc8 15.e4 Bg6
16.Rd1 Rd7 17.Ne2 Rhd8 18.Bb4 Ne8 19.g4 f5 20.gxf5 exf5 21.Bh3 fxe4 22.Bxd7 Rxd7
23.fxe4 Bxe4 24.O-O Nf6 25.a5 Rd5 26.Be1 Nd6 27.Bg3 Rg5 28.Nf4 Bf5 29.d5 h5
30.Ne6 Rxg3+ 31.hxg3 Nxd5 32.Nxg7 Bg4 33.Rf8+ Kc7 34.Re1 Kd7 35.b3 b6 36.axb6 axb6
37.Re5 Bd1 38.Nxh5 Bxb3 39.g4 Bd1 40.Rg8 Nc4 41.Reg5 b5 42.Ng3 Kc7 43.R5g7+ Kb6
44.g5 Bc2 45.Rf7 b4 46.Nf5 Ne5 47.Nd4 Nxf7 48.Nxc2 c5 49.g6 Nh6 50.Re8 Kc7
51.g7 Nf6 52.Rf8 Nhg8 53.Kf2 Kd6 54.Ke2 Ke6 55.Kd3 Kf5 56.Kc4 Kg6 57.Rc8 Kxg7
58.Rxc5 Ne7 59.Nxb4 Kg6 60.Kd4 Nf5+ 61.Kd3 Ne7 62.Ke3 Kf7 63.Ra5 Ke6 64.Nd3 Ned5+
65.Kd4 Ne7 66.Nf4+ Kd6 67.Ra6+ Nc6+ 68.Kc4 Nd7 69.Nd3 Kc7 70.Kd5 Nde5  1/2-1/2

[Event "6th LGA Premium Cup"]
[Site "Nuernberg GER"]
[Date "2009.09.05"]
[Round "5"]
[White "Braun,A"]
[Black "Iotov,V"]
[Result "1/2-1/2"]
[WhiteElo "2529"]
[BlackElo "2603"]

1.d4 d5 2.c4 c6 3.Nf3 Nf6 4.Nc3 dxc4 5.a4 Bf5 6.e3 e6 7.a5 Bb4 8.Qa4 Qe7
9.Bxc4 O-O 10.O-O Nbd7 11.Be2 Ne4 12.Nxe4 Bxe4 13.a6 b5 14.Qb3 Rab8 15.Bd2 Bd6
16.Rfc1 c5 17.Qd1 Rfc8 18.Be1 c4 19.Nd2 Ba8 20.Bf3 e5 21.Bxa8 Rxa8 22.Ne4 exd4
23.Nxd6 Qxd6 24.Qxd4 Qxd4 25.exd4 Re8 26.Kf1 Nf6 27.Ra5 Rab8 28.Bb4 Red8
29.Bc5 Rd7 30.Re1 h6 31.Re7 Rxe7 32.Bxe7 Nd7 33.Bb4 Rb6 34.d5 f6 35.Ke2 Kf7
36.Ke3 Ke8 37.Kd4 Kd8 38.h4 h5 39.Bc5 Nxc5 40.Kxc5 Kc7 41.Ra1 Kd7 42.f4 g6
43.f5 gxf5 44.Rf1 Rxa6 45.Rxf5 Ra2 46.Kxb5  1/2-1/2

[Event "6th LGA Premium Cup"]
[Site "Nuernberg GER"]
[Date "2009.09.06"]
[Round "6"]
[White "Farago,I"]
[Black "Milov,L"]
[Result "1/2-1/2"]
[WhiteElo "2511"]
[BlackElo "2562"]

1.d4 d5 2.c4 c6 3.Nf3 Nf6 4.Nc3 dxc4 5.a4 Bf5 6.Ne5 Nbd7 7.Nxc4 Nb6 8.Ne5 a5
9.f3 Nfd7 10.e4 Nxe5 11.dxe5 Qxd1+ 12.Kxd1 Bg6 13.Be3 Nd7 14.e6 fxe6 15.Rb1 e5
16.b4 axb4 17.Rxb4 O-O-O 18.Kc2 e6 19.Rc4 Nf6 20.Bd3 Be7 21.Bb6 Nd7 22.Bxd8 Bxd8
23.Rb1 Bc7 24.a5 Bxa5 25.Nb5 Bb6 26.Ra1 Rd8 27.Ra8+ Nb8 28.Nc3 Bd4 29.Nb5 Bb6
30.Nc3 Bd4 31.Nb5 Be3  1/2-1/2

[Event "XXXII Banicky kahanec"]
[Site "Prievidza CZE"]
[Date "2009.09.06"]
[Round "3"]
[White "Strunski,A"]
[Black "Jurcik,Mari"]
[Result "0-1"]
[WhiteElo "2394"]
[BlackElo "2477"]

1.d4 d5 2.c4 c6 3.Nf3 Nf6 4.Nc3 dxc4 5.a4 Bf5 6.Ne5 Nbd7 7.Nxc4 Nb6 8.Ne5 a5
9.f3 Nfd7 10.g4 Bg6 11.Nxg6 hxg6 12.Qb3 e5 13.Be3 exd4 14.Bxd4 Nc5 15.Qd1 Qc7
16.Bf2 Rxh2 17.Rxh2 Qxh2 18.Qd4 Rd8 19.Qe3+ Be7 20.Bg1 Qxg1 21.Qxg1 Bh4+
22.Qf2 Bxf2+ 23.Kxf2 Rd2 24.Nd1 Nbxa4 25.Ke1 Rd4 26.Nc3 Nxc3 27.bxc3 Ra4
28.Rc1 Nb3 29.Rc2 Ra1+ 30.Kf2 a4 31.e3 b5  0-1

[Event "TCh-SRB 1st League"]
[Site "Kragujevac SRB"]
[Date "2009.09.08"]
[Round "7"]
[White "Damljanovic,B"]
[Black "Martinovic,Sl"]
[Result "1-0"]
[WhiteElo "2559"]
[BlackElo "2452"]

1.d4 d5 2.c4 c6 3.Nf3 Nf6 4.Nc3 dxc4 5.a4 Bf5 6.Ne5 Nbd7 7.Nxc4 Nb6 8.Ne5 a5
9.e3 h6 10.g4 Bc8 11.e4 e6 12.Be3 Bb4 13.Qf3 Qe7 14.h4 Nfd7 15.Nc4 e5 16.Nxb6 Nxb6
17.g5 h5 18.d5 Nd7 19.Bh3 Nf8 20.Kf1 Bxh3+ 21.Rxh3 Ng6 22.dxc6 bxc6 23.Ne2 Qe6
24.Rh1 Rd8 25.Ng3 Bd2 26.Rd1 Bxe3 27.Rxd8+ Kxd8 28.fxe3 Kc7 29.Kg2 Rb8 30.Nxh5 Rxb2+
31.Kg3 Qa2 32.Rf1 Kb6 33.Nxg7 Qxa4 34.h5 Nf4 35.Kg4 Nd3 36.h6 Rh2 37.Kf5 Nc5
38.Rh1 Rf2 39.Qxf2 Qxe4+ 40.Kf6 Qxh1 41.Kxf7 Qb1 42.e4 Qxe4 43.Ne6 Qh7+ 44.Kf6 Qh8+
45.Ke7 Qh7+ 46.Qf7 Qd3 47.h7  1-0

[Event "TCh-SRB 1st League"]
[Site "Kragujevac SRB"]
[Date "2009.09.08"]
[Round "7"]
[White "Sokolov,Iv"]
[Black "Predojevic,B"]
[Result "1/2-1/2"]
[WhiteElo "2657"]
[BlackElo "2654"]

1.d4 d5 2.c4 c6 3.Nf3 Nf6 4.Nc3 dxc4 5.a4 Bf5 6.e3 e6 7.Bxc4 Bb4 8.O-O Nbd7
9.Qb3 Qb6 10.e4 Bg4 11.Ne5 Bxc3 12.Qxb6 axb6 13.bxc3 Nxe5 14.dxe5 Nd7 15.f3 Bh5
16.Be3 Nxe5 17.Be2 Nd7 18.Rfb1 Ke7 19.Bxb6 Nxb6 20.Rxb6 Rhb8 21.Rab1 Rxa4
22.Rxb7+ Rxb7 23.Rxb7+ Kd6 24.e5+ Kc5 25.Bd3 Kd5 26.Bxh7 Kxe5 27.g4 Bxg4
28.fxg4 Rxg4+ 29.Kh1 f5 30.Bg8 Kd6 31.Rb1 e5 32.Rd1+ Ke7 33.Bb3 e4 34.Ba4 e3
35.Bc2 f4 36.Be4 Rg5 37.Bxc6 Rc5 38.Bf3 Rxc3 39.Re1 Rc2 40.Be2 g5 41.h3 Kf6
42.Kg2 Kf5 43.Kf3 Rd2 44.Rg1 Rd6 45.Rg4 Rh6 46.Bd3+ Kf6 47.Bf1 Rh4 48.Rg1 Rh8
49.Bg2 Rd8 50.Kg4 Ke5 51.Bf3 Rh8 52.Ra1 Rh4+ 53.Kxg5 Rxh3 54.Ra5+ Kd4 55.Kxf4 Rh4+
56.Kg3 Rh8 57.Rd5+ Kc4 58.Rd7 Re8 59.Be2+ Kc3 60.Rd3+ Kc2 61.Kg2 Re7 62.Kf1 Re5
63.Ke1 Re7 64.Rd8 Re5 65.Bd3+ Kc3 66.Ke2 Re7 67.Rc8+ Kd4 68.Rc4+ Kd5 69.Ra4 Re5
70.Bg6 Re7 71.Kd3 e2 72.Be4+ Ke5 73.Kxe2 Kf4 74.Kd3 Rd7+ 75.Kc3 Ke5 76.Bd3 Rd6
77.Rh4 Rd5 78.Kd2 Rd4 79.Rh5+ Kd6 80.Rh6+ Kc5 81.Ke3 Rd6 82.Rh7 Re6+ 83.Be4 Rf6
84.Rh5+ Kc4 85.Bd3+ Kc3 86.Rc5+ Kb4 87.Rd5 Kc3 88.Be4 Kc4 89.Rd7 Kc5 90.Rd5+ Kc4
91.Rd1 Kc5 92.Rc1+ Kd6 93.Kd4 Re6 94.Bd5 Rf6 95.Rb1 Rf4+ 96.Be4 Rf6 97.Rb7 Re6
98.Rg7 Rf6 99.Rg5 Re6 100.Rh5 Rf6 101.Bf5 Kc6 102.Ke5 Rd6 103.Be4+ Kc5 104.Rh2 Rd4
105.Rh1 Rc4 106.Rd1 Rc3 107.Bd3 Kc6 108.Kd4 Rc5 109.Be4+ Kd6 110.Rh1 Re5
111.Ra1 Re6 112.Bf5 Rf6 113.Ra5 Kc7 114.Ke5 Rc6 115.Be4 Kb6 116.Ra8 Rc4 117.Bd5 Rb4
118.Kd6 Rb5 119.Rc8 Rb4 120.Bc4 Kb7 121.Rc7+ Kb6 122.Rc6+ Kb7 123.Ba6+  1/2-1/2

[Event "II Open"]
[Site "Sabadell ESP"]
[Date "2009.09.08"]
[Round "7"]
[White "Almeida Quintana,O"]
[Black "Peralta,Fe"]
[Result "1/2-1/2"]
[WhiteElo "2513"]
[BlackElo "2565"]

1.d4 d5 2.c4 c6 3.Nf3 Nf6 4.Nc3 dxc4 5.a4 Bf5 6.Ne5 Nbd7 7.Nxc4 Qc7 8.g3 e5
9.dxe5 Nxe5 10.Bf4 Nfd7 11.Bg2 f6 12.O-O Rd8 13.Qc1 Be6 14.Ne4 Bb4 15.a5 O-O
16.a6 b5 17.Nxe5 Nxe5 18.Qe3 Bd5 19.Rfd1 Rfe8 20.Rac1 Qe7 21.Nc5 Bxg2 22.Rxd8 Qxd8
23.Qb3+ Bd5 24.Qxb4 Nd7 25.Be3  1/2-1/2

[Event "TCh-SRB 1st League"]
[Site "Kragujevac SRB"]
[Date "2009.09.09"]
[Round "8"]
[White "Pavlovic,MilosM"]
[Black "Pikula,D"]
[Result "0-1"]
[WhiteElo "2533"]
[BlackElo "2562"]

1.d4 d5 2.c4 c6 3.Nf3 Nf6 4.Nc3 dxc4 5.a4 Bf5 6.Ne5 Nbd7 7.Nxc4 Nb6 8.Ne5 a5
9.e3 g6 10.Bd3 Bxd3 11.Nxd3 Nbd5 12.Qb3 Qb6 13.Qxb6 Nxb6 14.Ke2 Nfd7 15.b3 Bg7
16.Bd2 f5 17.f4 O-O 18.Rac1 Rfc8 19.h3 e6 20.g4 Bf8 21.gxf5 exf5 22.h4 Nf6
23.Ne5 Bb4 24.Nb1 Nbd5 25.Rhg1 Kf8 26.Nc3 Bxc3 27.Bxc3 Ke7 28.Bb2 Kd6 29.Ba3+ Kc7
30.Nc4 Rd8 31.Ne5 Re8 32.Rc2 Re6 33.Kf3 Rg8 34.Bc1 b6 35.Bd2 Kb7 36.Rgc1 Rc8
37.Be1 Ne4 38.Rd1 h6 39.Rg2 Rg8 40.Bd2 g5 41.hxg5 hxg5 42.fxg5 Rxg5 43.Rxg5 Nxg5+
44.Ke2 Ne4 45.Rg1 Rh6 46.Rg7+ Ka6 47.Be1 b5 48.Nd7 bxa4 49.bxa4 Rh2+ 50.Kd3 Rb2
51.Nc5+ Nxc5+ 52.dxc5 Rb3+ 53.Kd4 Rxe3 54.Bg3 Re4+ 55.Kd3 Rxa4 56.Bd6 Rb4
57.Rg8 Rb7 58.Kc4 Rb4+ 59.Kd3 Kb5 60.Rb8+ Ka4 61.Rc8 Rh4 62.Rf8 f4 63.Ke4 Rh1
64.Rc8 Kb5 65.Rb8+ Kc4 66.Rc8 Re1+ 67.Kf3 Nb4 68.Ra8 Rf1+ 69.Ke2 Ra1 70.Bxf4 a4
71.Bd2 Nc2 72.Rh8 Nd4+ 73.Ke3 Ra3+ 74.Ke4 Ra2 75.Ke3 a3 76.Ra8 Nc2+ 77.Ke2 Ra1
78.Ra4+ Kb3 79.Ra7 a2 80.Kd3 Nb4+ 81.Ke2 Rh1  0-1

[Event "7th ch-Mediterranean"]
[Site "Rijeka CRO"]
[Date "2009.09.13"]
[Round "4"]
[White "Zrilic,B"]
[Black "Mravic,F"]
[Result "1/2-1/2"]
[WhiteElo "2046"]
[BlackElo "1813"]

1.d4 d5 2.c4 c6 3.Nc3 Nf6 4.Nf3 dxc4 5.a4 Bf5 6.Ne5 Nbd7 7.Nxc4 Qc7 8.g3 e5
9.dxe5 Nxe5 10.Bf4 Nfd7 11.e4 Be6 12.Nxe5 Nxe5 13.Qh5 g5 14.Bxe5 Qxe5 15.f4 Qc5
16.O-O-O gxf4 17.e5 fxg3 18.Bh3 Qe3+ 19.Kb1 Qh6 20.Qxh6 Bxh6 21.Bxe6 fxe6
22.hxg3 Bg7 23.Rh5 Rd8 24.Rdh1 Rd3 25.Rg5 Bf8 26.Ne4 Rd4 27.Nf6+ Kd8 28.Nxh7 Rxa4
29.Rd1+ Kc8 30.Rh1 Kc7 31.Rg6 Kb6 32.Rxe6 Rg4 33.Rf1 Rxh7 34.Rxf8 Rxg3 35.Rf4 Kc5
36.Rd6 Re3 37.b4+ Kb5 38.e6 Re7 39.Rf6 Kxb4 40.Kc2 Kc5 41.Rd7 R3xe6 42.Rxb7 Re2+
43.Kd1 Rxb7 44.Kxe2 Rd7 45.Rf3 a5 46.Rc3+ Kb5 47.Rb3+ Kc4 48.Rb1 a4 49.Rc1+ Kb3
50.Rxc6 Rb7 51.Kd2 a3 52.Rc3+ Kb4 53.Kc2 Rh7 54.Rb3+ Ka4 55.Rg3 Rh2+ 56.Kb1  1/2-1/2

[Event "7th ch-Mediterranean"]
[Site "Rijeka CRO"]
[Date "2009.09.14"]
[Round "6"]
[White "Botsari,A"]
[Black "Firat,B"]
[Result "0-1"]
[WhiteElo "2286"]
[BlackElo "2365"]

1.d4 d5 2.c4 c6 3.Nf3 Nf6 4.Nc3 dxc4 5.a4 Bf5 6.Ne5 Nbd7 7.Nxc4 Nb6 8.Ne5 a5
9.g3 e6 10.Bg2 Bb4 11.O-O O-O 12.e3 h6 13.Qe2 Bh7 14.Bd2 Nfd7 15.Nxd7 Nxd7
16.e4 e5 17.dxe5 Nxe5 18.Be3 Qd3 19.Rad1 Qxe2 20.Nxe2 Nc4 21.Bc1 Rad8 22.b3 Nd2
23.Bxd2 Bxd2 24.g4 Rd7 25.Bf3 Rfd8 26.Kg2 Kf8 27.Ng3 f6 28.Be2 Bg8 29.Rb1 Bb4
30.Rfd1 Rd2 31.Nf1 Rxd1 32.Bxd1 Rd3 33.Bc2 Rc3 34.Bd1 Ke7 35.Ng3 Rd3 36.Kf1 Rd2
37.Be2 g6 38.h4 Kd6 39.h5 gxh5 40.Nxh5 Ke5 41.f4+ Kxe4 42.Nxf6+ Ke3 43.Nxg8 Rxe2
44.Nxh6 Rh2 45.Nf5+ Kxf4 46.Rd1 Kxg4 47.Nd4 Kf4 48.Ne6+ Ke3 49.Rd7 Rb2 50.Rh7 Rb1+
51.Kg2 b6 52.Rh4 Rb2+ 53.Kg1 c5 54.Nc7 Kd2 55.Nd5 Rxb3 56.Nxb6 Rf3 57.Rc4 Kd3
58.Rc1 Rf4 59.Nd5 Rg4+ 60.Kf2 c4 61.Kf3 Rd4 62.Ne3 Bd2 63.Rd1 c3  0-1

[Event "7th ch-Mediterranean"]
[Site "Rijeka CRO"]
[Date "2009.09.14"]
[Round "6"]
[White "Savic,Miro"]
[Black "Yilmaz,M"]
[Result "0-1"]
[WhiteElo "2288"]
[BlackElo "2475"]

1.d4 d5 2.c4 c6 3.Nc3 Nf6 4.Nf3 dxc4 5.a4 Bf5 6.Ne5 Nbd7 7.Nxc4 Nb6 8.Ne5 a5
9.f3 Nfd7 10.e4 Nxe5 11.exf5 Nec4 12.b3 Nd6 13.Bd3 g6 14.fxg6 hxg6 15.Bf4 Bg7
16.Be5 Bxe5 17.dxe5 Nf5 18.Bxf5 gxf5 19.Qxd8+ Rxd8 20.Rd1 Nd7 21.O-O Nxe5
22.Rxd8+ Kxd8 23.f4 Ng4 24.h3 Nf6 25.Rb1 Kc7 26.Kf2 Rh4 27.Kg3 Rh8 28.Kf3 Rd8
29.Ke3 Kb6 30.b4 axb4 31.Rxb4+ Kc7 32.Rc4 Nd7 33.Nb5+ Kb8 34.Nc3 Rg8 35.Kf3 e5
36.g4 fxg4+ 37.hxg4 Rh8 38.Ke4 exf4 39.Kxf4 Rh1 40.Kg5 Rc1 41.Rd4 Nc5 42.Kf6 Rxc3
43.Kxf7 Rf3+ 44.Ke7 Rg3 45.Kf6 Kc7 46.Kf5 Rf3+ 47.Ke5 Nd7+ 48.Ke4 Rf1 49.g5 Nf8
50.Rd2 Ng6 51.Rh2 Rf4+ 52.Ke3 Rxa4 53.Rh7+ Kb6 54.Rh6 Ne5 55.Re6 Ng4+ 56.Kf3 Nh2+
57.Kg3 Rg4+ 58.Kxh2 Rxg5  0-1

[Event "TCh-ROU Superliga"]
[Site "Eforie Nord ROU"]
[Date "2009.09.19"]
[Round "1"]
[White "Grigore,Ge"]
[Black "Solak,D"]
[Result "1/2-1/2"]
[WhiteElo "2541"]
[BlackElo "2583"]

1.d4 d5 2.c4 c6 3.Nf3 Nf6 4.Nc3 dxc4 5.a4 Bf5 6.Ne5 e6 7.f3 Bb4 8.e4 Bxe4
9.fxe4 Nxe4 10.Bd2 Qxd4 11.Nxe4 Qxe4+ 12.Qe2 Bxd2+ 13.Kxd2 Qd5+ 14.Kc2 O-O
15.Qe3 Na6 16.Bxc4 Nb4+ 17.Kb3 Qd6 18.Rad1 Nd5 19.Bxd5 cxd5 20.g4 f6 21.Nd3 e5
22.Qc5 Qe6 23.Nb4 d4+ 24.Qc4 Kf7 25.a5 Rfd8 26.Rhe1 Rac8 27.Qxe6+ Kxe6 28.Rd2 Rc5
29.Ka4 Rc4 30.Kb3 Rdc8 31.Nd3 Kd5 32.h4 R4c7 33.Rf2 Ke6 34.Rfe2 Kd6 35.Rd2 Ke6
36.Nf4+ Kd6 37.Nd3 Ke6 38.Nf4+ Kd6  1/2-1/2

[Event "Uxbridge Congress Open"]
[Site "Uxbridge ENG"]
[Date "2009.09.19"]
[Round "2"]
[White "Richter Becerra,H"]
[Black "Yurenok,M"]
[Result "1/2-1/2"]
[WhiteElo "2180"]
[BlackElo "1981"]

1.d4 d5 2.c4 c6 3.Nf3 Nf6 4.Nc3 dxc4 5.a4 Bf5 6.Ne5 Nbd7 7.Nxc4 Qc7 8.g3 e5
9.dxe5 Nxe5 10.Bf4 Nfd7 11.Qd4 f6 12.Rd1 Bc5 13.Bxe5 fxe5 14.Nd6+ Bxd6 15.Qxd6 Qxd6
16.Rxd6 Ke7 17.Rd1 Nc5 18.Bg2 a5 19.f4 Rhd8 20.Kf2 exf4 21.gxf4 Bc2 22.Rxd8 Rxd8
23.Rc1 Bb3 24.Nd5+ Bxd5 25.Rxc5 Bxg2 26.Re5+ Kf6 27.Kxg2 Rd4 28.Rxa5 Rxf4
29.Ra7 Rb4 30.a5 Rxb2 31.Kf3 g5 32.a6 bxa6 33.Rxa6 Rc2 34.Ra7 h5 35.h3 Rc5
36.Rh7 h4 37.Ke4 Rc4+ 38.Kd3 Rc1 39.Rc7 Ke5 40.Re7+ Kf4 41.Re4+ Kf5 42.Re8 Rg1
43.e3 Rg3 44.Rf8+ Kg6 45.Rc8 Rxh3 46.Rxc6+ Kf5 47.Ke2 Rh1 48.Rc5+ Kg4 49.Kf2 Rh2+
50.Kf1 Ra2 51.e4 h3 52.Kg1 Re2 53.e5 Rg2+ 54.Kh1 Kf5 55.Rc3 g4 56.Re3 Ra2
57.e6 Ra8 58.e7 Re8 59.Kh2 Kf6 60.Re4 Rxe7 61.Rxg4 Re3 62.Rh4  1/2-1/2

[Event "Maotai Prince Cup Queens"]
[Site "JinZhou CHN"]
[Date "2009.09.20"]
[Round "4"]
[White "Zhao Xue"]
[Black "Ruan Lufei"]
[Result "1-0"]
[WhiteElo "2542"]
[BlackElo "2486"]

1.d4 d5 2.c4 c6 3.Nf3 Nf6 4.Nc3 dxc4 5.a4 Bf5 6.Ne5 e6 7.f3 Bb4 8.e4 Bxe4
9.fxe4 Nxe4 10.Bd2 Qxd4 11.Nxe4 Qxe4+ 12.Qe2 Bxd2+ 13.Kxd2 Qd5+ 14.Kc2 O-O
15.Nxc4 Na6 16.Qf3 Qc5 17.Qe3 Nb4+ 18.Kb3 Qe7 19.Be2 Nd5 20.Qd2 Rab8 21.Rhd1 b5
22.axb5 Rxb5+ 23.Kc2 Rfb8 24.Kb1 Rb3 25.Rc1 h6 26.Ra2 Qf6 27.Ka1 Qf2 28.Bf3 Qxd2
29.Nxd2 R3b7 30.Nc4 Nb4 31.Ra3 Rd7 32.Kb1 Rb5 33.Rb3 Nd3 34.Rcc3 Rxb3 35.Rxb3 c5
36.Rc3 f5 37.Ne3 Rd4 38.Be2 Nf4 39.Bf3 Nd3 40.Bc6 Nb4 41.Bf3 Nd3 42.g3 Ne5
43.Be2 Rd2 44.Rc2 Rxc2 45.Kxc2 g5 46.Nc4 Nxc4 47.Bxc4 Kf7 48.Kd3 Kf6 49.Ba6 Ke5
50.Kc4 Kd6 51.Bc8 h5 52.h4 f4 53.gxf4 gxf4 54.Bb7 Ke5 55.Bf3 Kf5 56.Bxh5 e5
57.Kxc5 Ke4 58.Bg6+ Ke3 59.h5 f3 60.Bf7 e4 61.h6  1-0